Countries That Hate The U.S - Statistics

General Stats
  • This quiz has been taken 158 times
  • The average score is 8 of 15
Answer Stats
Disapproval Rating Answer % Correct
87% Russia
97%
51% Iran
90%
57% Iraq
84%
59% Syria
78%
71% Pakistan
71%
69% Yemen
65%
62% Egypt
64%
75% Lebanon
63%
83% Jordan
58%
67% Belarus
52%
56% Serbia
33%
53% Tunisia
30%
70% Kazakhstan
29%
54% Kyrgyzstan
22%
60% Austria
8%
No matching quizzes found
Score Distribution
Percent of People with Each Score
Percentile by Number Answered
Your Score History
You have not taken this quiz